[Event "Aragon-chT Honor Gr II"]
[Site "Aragon"]
[Date "2023.02.25"]
[Round "5.15"]
[White "Guzman Moneo, Alberto"]
[Black "Palacios Latasa, Elias"]
[Result "1/2-1/2"]
[WhiteElo "2146"]
[BlackElo "2171"]
[PlyCount "92"]
[EventDate "2023.01.28"]
[EventType "team-tourn"]
[EventRounds "7"]
[EventCountry "ESP"]
[SourceTitle "EXT 2024"]
[Source "ChessBase"]
[SourceDate "2023.10.10"]
[SourceVersion "1"]
[SourceVersionDate "2023.10.10"]
[SourceQuality "1"]
[WhiteTeam "Helios"]
[BlackTeam "Iberajedrez Mundo 64"]
[WhiteTeamCountry "ESP"]
[BlackTeamCountry "ESP"]

1. e4 e5 2. Nf3 Nc6 3. d4 exd4 4. Nxd4 d6 5. Nc3 Nf6 6. Bb5 Bd7 7. 0-0 Be7 8. Re1 0-0 9. Bxc6 bxc6 10. Qf3 Re8 11. Bg5 h6 12. Bh4 Nh7 13. Bxe7 Qxe7 14. Re3 Rab8 15. b3 Qf6 16. Qd1 Ng5 17. Qd3 c5 18. Nde2 Bb5 19. Qd1 Bc6 20. Ng3 g6 21. h4 Ne6 22. h5 Ng5 23. Qf1 Re7 24. Rae1 Ne6 25. hxg6 fxg6 26. e5 Qf7 27. exd6 cxd6 28. Nce4 Rd7 29. Rf3 Nf4 30. Ne2 g5 31. Nxf4 gxf4 32. Qa6 Bb7 33. Qxa7 Rf8 34. Qb6 Re7 35. Qxd6 Rxe4 36. Rxe4 Bxe4 37. Rh3 Qg6 38. Qxg6+ Bxg6 39. Rxh6 Bxc2 40. Rc6 Rf5 41. b4 Bb1 42. Rxc5 Rxc5 43. bxc5 Bxa2 44. c6 Kf7 45. c7 Be6 46. f3 Ke7 1/2-1/2

[Event "Aragon-chT Honor Gr-II"]
[Site "Aragon"]
[Date "2020.02.29"]
[Round "6.22"]
[White "Palacios Latasa, Elias"]
[Black "Gella Lopez, Angel"]
[Result "1-0"]
[WhiteElo "2176"]
[BlackElo "2083"]
[PlyCount "63"]
[EventDate "2020.01.25"]
[EventType "team-tourn"]
[EventRounds "7"]
[EventCountry "ESP"]
[SourceTitle "EXT 2022"]
[Source "ChessBase"]
[SourceDate "2021.10.06"]
[SourceVersion "1"]
[SourceVersionDate "2021.10.06"]
[SourceQuality "1"]
[WhiteTeam "IberCaja"]
[BlackTeam "Huesca Club Atletismo"]
[WhiteTeamCountry "ESP"]
[BlackTeamCountry "ESP"]

1. e4 c5 2. Nc3 e6 3. Nf3 Nc6 4. Bb5 Nge7 5. 0-0 a6 6. Bxc6 Nxc6 7. d4 cxd4 8. Nxd4 Be7 9. Nxc6 bxc6 10. Qg4 Bf6 11. Re1 d6 12. e5 dxe5 13. Ne4 h5 14. Qf3 Be7 15. Qg3 Kf8 16. Qxe5 Qd5 17. Qc3 c5 18. Bf4 Bb7 19. Rad1 Qc6 20. f3 Rg8 21. Bd6 Rc8 22. Bxe7+ Kxe7 23. Nd6 Rc7 24. Nf5+ Ke8 25. Rd6 Qa4 26. Qe3 Rd7 27. b3 Qa5 28. Red1 Bc8 29. Qe5 g6 30. Ne3 Qc7 31. Nd5 Qd8 32. Nf6+ 1-0

[Event "Aragon-chT Preferente Gr-I"]
[Site "Aragon"]
[Date "2019.03.09"]
[Round "7.41"]
[White "Palacios Latasa, Elias"]
[Black "Romon Poves, Raul"]
[Result "0-1"]
[WhiteElo "2216"]
[BlackElo "2257"]
[PlyCount "86"]
[EventDate "2019.01.26"]
[EventType "team-tourn"]
[EventRounds "9"]
[EventCountry "ESP"]
[SourceTitle "EXT 2020"]
[Source "ChessBase"]
[SourceDate "2019.10.17"]
[SourceVersion "1"]
[SourceVersionDate "2019.10.17"]
[SourceQuality "1"]
[WhiteTeam "IberCaja II"]
[BlackTeam "Shatranj"]
[WhiteTeamCountry "ESP"]
[BlackTeamCountry "ESP"]

1. e4 c5 2. b3 a6 3. Bb2 Nc6 4. g3 d5 5. Bg2 d4 6. f4 e5 7. Nf3 exf4 8. gxf4 Bd6 9. e5 Be7 10. 0-0 Nh6 11. c3 Nf5 12. cxd4 cxd4 13. Na3 0-0 14. Nc4 b5 15. Nd6 Bxd6 16. exd6 Qxd6 17. Qc2 Nfe7 18. Nxd4 Nxd4 19. Qd3 Bf5 20. Qxd4 Qg6 21. Rf3 Rad8 22. Qf2 Qd6 23. Re1 Ng6 24. d3 Rfe8 25. Be5 Qd7 26. Bf1 f6 27. Bb2 Qd6 28. Rfe3 Rxe3 29. Rxe3 Qxf4 30. Rf3 Qg4+ 31. Rg3 Qf4 32. Qxf4 Nxf4 33. Rf3 Nxd3 34. Bxf6 gxf6 35. Rxf5 Kg7 36. Rf3 Ne5 37. Rc3 Rd2 38. a4 b4 39. Rg3+ Kf7 40. Bxa6 f5 41. Bb7 Ra2 42. Rg2 Ra1+ 43. Kf2 f4 0-1

[Event "Aragon-chT Honor Gr-B"]
[Site "Aragon"]
[Date "2019.03.02"]
[Round "6.20"]
[White "Palacios Latasa, Elias"]
[Black "Palomar Ramon, Santiago"]
[Result "1-0"]
[WhiteElo "2216"]
[BlackElo "1946"]
[PlyCount "55"]
[EventDate "2019.01.26"]
[EventType "team-tourn"]
[EventRounds "7"]
[EventCountry "ESP"]
[SourceTitle "EXT 2020"]
[Source "ChessBase"]
[SourceDate "2019.10.17"]
[SourceVersion "1"]
[SourceVersionDate "2019.10.17"]
[SourceQuality "1"]
[WhiteTeam "IberCaja"]
[BlackTeam "San Jose"]
[WhiteTeamCountry "ESP"]
[BlackTeamCountry "ESP"]

1. e4 c5 2. b3 e6 3. Bb2 Nc6 4. f4 Nf6 5. d3 Qc7 6. g3 e5 7. Bg2 exf4 8. e5 fxg3 9. exf6 gxf6 10. Bxf6 Qf4 11. Qe2+ Be7 12. Bxh8 Qc1+ 13. Qd1 Qe3+ 14. Ne2 Qf2+ 15. Kd2 Qxg2 16. hxg3 Bg5+ 17. Kc3 Qd5 18. Kb2 f6 19. Nf4 Qd4+ 20. Nc3 b5 21. Qg1 Bb7 22. Qxd4 Nxd4 23. Rxh7 0-0-0 24. Ncd5 Bxf4 25. Nxf4 Re8 26. Bxf6 Re3 27. Rh8+ Kc7 28. Bd8+ 1-0

[Event "Aragon-chT Honor Gr-B"]
[Site "Aragon"]
[Date "2019.02.16"]
[Round "4.23"]
[White "Roche Simon, Manuel Angel"]
[Black "Palacios Latasa, Elias"]
[Result "1/2-1/2"]
[WhiteElo "2129"]
[BlackElo "2216"]
[PlyCount "83"]
[EventDate "2019.01.26"]
[EventType "team-tourn"]
[EventRounds "7"]
[EventCountry "ESP"]
[SourceTitle "EXT 2020"]
[Source "ChessBase"]
[SourceDate "2019.10.17"]
[SourceVersion "1"]
[SourceVersionDate "2019.10.17"]
[SourceQuality "1"]
[WhiteTeam "Delicias"]
[BlackTeam "IberCaja"]
[WhiteTeamCountry "ESP"]
[BlackTeamCountry "ESP"]

1. e4 e5 2. Nf3 Nc6 3. d4 exd4 4. Nxd4 d6 5. Nc3 Nf6 6. Bb5 Bd7 7. Bxc6 bxc6 8. Qd3 g6 9. f3 Bg7 10. Be3 0-0 11. 0-0-0 Re8 12. Nde2 Be6 13. Qa6 Nd7 14. Nd4 c5 15. Nxe6 fxe6 16. Bd2 Rb8 17. b3 Rb6 18. Qa4 Rb4 19. Qa3 Qf6 20. Nb1 Qa1 21. c3 Rbb8 22. Kc2 c4 23. Bc1 cxb3+ 24. axb3 Qxa3 25. Nxa3 Nc5 26. b4 Na4 27. Bd2 a5 28. Rb1 axb4 29. Rxb4 Nb6 30. Rhb1 d5 31. Be3 Ra8 32. R4b3 Ra5 33. Bxb6 cxb6 34. Nb5 Rc8 35. exd5 exd5 36. Kd3 Ra2 37. R1b2 Ra1 38. Rb1 Ra2 39. R3b2 Ra4 40. Rb4 Ra2 41. R1b2 Ra1 42. Rb1 1/2-1/2

[Event "Aragon-chT Honor Gr I"]
[Site "Aragon"]
[Date "2018.03.10"]
[Round "7.11"]
[White "Palacios Latasa, Elias"]
[Black "Calvo Simon, Jorge"]
[Result "1-0"]
[WhiteElo "2210"]
[BlackElo "2223"]
[PlyCount "69"]
[EventDate "2018.01.27"]
[EventType "team-tourn"]
[EventRounds "7"]
[EventCountry "ESP"]
[SourceTitle "EXT 2019"]
[Source "ChessBase"]
[SourceDate "2018.10.10"]
[SourceVersion "1"]
[SourceVersionDate "2018.10.10"]
[SourceQuality "1"]
[WhiteTeam "El Olivar"]
[BlackTeam "Helios"]
[WhiteTeamCountry "ESP"]
[BlackTeamCountry "ESP"]

1. e4 c5 2. Nf3 g6 3. c3 Bg7 4. d4 cxd4 5. cxd4 d5 6. e5 a6 7. Qb3 Nc6 8. Nc3 e6 9. Bd3 f6 10. 0-0 fxe5 11. dxe5 Nge7 12. Bf4 0-0 13. Bg3 Nf5 14. Rfe1 b5 15. Rad1 Nxg3 16. hxg3 Bb7 17. Bb1 Qb6 18. Qc2 Rac8 19. Qd2 Rc7 20. Ne2 Rxf3 21. gxf3 Nxe5 22. Kg2 Nc4 23. Qg5 Rf7 24. Nf4 Bf6 25. Qg4 Bc8 26. Nxd5 exd5 27. Qxc8+ Kg7 28. Re8 Bxb2 29. Rg8+ Kf6 30. Rxd5 Ne5 31. Rf8 Kg7 32. Rxf7+ Nxf7 33. Rd7 b4 34. Bd3 Kf6 35. Bc4 1-0

[Event "Aragon-chT Honor 7_10"]
[Site "Aragon"]
[Date "2017.03.18"]
[Round "8.18"]
[White "Palacios Latasa, Elias"]
[Black "Gomez Anadon, Daniel"]
[Result "1-0"]
[WhiteElo "2237"]
[BlackElo "2175"]
[PlyCount "81"]
[EventDate "2017.03.11"]
[EventType "team-tourn"]
[EventRounds "9"]
[EventCountry "ESP"]
[SourceTitle "EXT 2018"]
[Source "ChessBase"]
[SourceDate "2017.10.13"]
[SourceVersion "1"]
[SourceVersionDate "2017.10.13"]
[SourceQuality "1"]
[WhiteTeam "El Olivar"]
[BlackTeam "St Casablanca II"]
[WhiteTeamCountry "ESP"]
[BlackTeamCountry "ESP"]

1. e4 c5 2. Nf3 d6 3. Nc3 Nf6 4. e5 dxe5 5. Nxe5 a6 6. a4 Qc7 7. Nc4 Nc6 8. Be2 Be6 9. b3 g6 10. Bb2 Rd8 11. Bf3 Bh6 12. d3 Nd4 13. 0-0 Nxf3+ 14. Qxf3 Bg4 15. Qg3 Bf4 16. Qh4 g5 17. Qh6 Bf5 18. Ne4 Ng4 19. Qg7 Kd7 20. h3 Rhg8 21. Qc3 Nh2 22. Rfe1 Bxh3 23. Ne5+ Kc8 24. Qxc5 Qxc5 25. Nxc5 Be6 26. Nxe6 fxe6 27. Nc4 Rg6 28. Re4 h5 29. Rae1 Rf8 30. Rxe6 Rxe6 31. Rxe6 Ng4 32. f3 Bh2+ 33. Kf1 Kd7 34. Rg6 Rf5 35. Ke2 Nf6 36. Ne3 Rc5 37. c4 Bf4 38. Bxf6 exf6 39. Nd5 f5 40. d4 Ra5 41. Nb6+ 1-0

[Event "Aragon-chT Honor GrB"]
[Site "Aragon"]
[Date "2017.03.11"]
[Round "7.30"]
[White "Romero Pallares, Daniel"]
[Black "Palacios Latasa, Elias"]
[Result "1-0"]
[WhiteElo "2211"]
[BlackElo "2237"]
[PlyCount "119"]
[EventDate "2017.01.28"]
[EventType "team-tourn"]
[EventRounds "7"]
[EventCountry "ESP"]
[SourceTitle "EXT 2018"]
[Source "ChessBase"]
[SourceDate "2017.10.13"]
[SourceVersion "1"]
[SourceVersionDate "2017.10.13"]
[SourceQuality "1"]
[WhiteTeam "Palacio de Pioneros"]
[BlackTeam "El Olivar"]
[WhiteTeamCountry "ESP"]
[BlackTeamCountry "ESP"]

1. d4 Nc6 2. e4 d6 3. Nf3 Bg4 4. d5 Ne5 5. Nxe5 Bxd1 6. Bb5+ c6 7. dxc6 Qa5+ 8. Nc3 a6 9. b4 axb5 10. bxa5 bxc6 11. Nxc6 Bxc2 12. Nb4 Ba4 13. a6 e6 14. a3 Nf6 15. Be3 d5 16. exd5 Bxb4 17. axb4 Rxa6 18. dxe6 fxe6 19. Ke2 Kd7 20. Ra2 Nd5 21. Nxd5 exd5 22. Rha1 Rc8 23. Rd2 Ke6 24. Bc5 Rca8 25. Kf3 Bb3 26. Re2+ Kf5 27. g4+ Kg6 28. Rae1 Rf6+ 29. Kg3 Bc4 30. Re3 Rfa6 31. f3 h6 32. Re7 Rf8 33. Rd7 Rf7 34. Rxf7 Kxf7 35. Re7+ Kg8 36. Bd4 g6 37. Rg7+ Kf8 38. Rh7 Ra3 39. Rxh6 Be2 40. Kh4 Rxf3 41. Kg5 Bd3 42. Rh7 Rf7 43. Rh8+ Ke7 44. Bc5+ Kd7 45. h4 Rf1 46. Rh7+ Kc6 47. h5 gxh5 48. Rh6+ Kd7 49. gxh5 Rf5+ 50. Kg4 Ke8 51. Rb6 Kf7 52. Rxb5 Rf1 53. Rb6 Be2+ 54. Kg5 Rh1 55. h6 Rh5+ 56. Kf4 Bd3 57. Bd4 Rh4+ 58. Ke3 Rh3+ 59. Kd2 Bg6 60. Rf6+ 1-0

[Event "Aragon-chT Honor GrB"]
[Site "Aragon"]
[Date "2017.02.25"]
[Round "5.30"]
[White "Palacios Latasa, Elias"]
[Black "Gonzalez Gambau, Jorge"]
[Result "1-0"]
[WhiteElo "2237"]
[BlackElo "2105"]
[PlyCount "123"]
[EventDate "2017.01.28"]
[EventType "team-tourn"]
[EventRounds "7"]
[EventCountry "ESP"]
[SourceTitle "EXT 2018"]
[Source "ChessBase"]
[SourceDate "2017.10.13"]
[SourceVersion "1"]
[SourceVersionDate "2017.10.13"]
[SourceQuality "1"]
[WhiteTeam "El Olivar"]
[BlackTeam "Jaque"]
[WhiteTeamCountry "ESP"]
[BlackTeamCountry "ESP"]

1. e4 c6 2. d4 d5 3. exd5 cxd5 4. Bf4 Bf5 5. c3 e6 6. Nf3 Bd6 7. Bb5+ Nc6 8. Bxd6 Qxd6 9. 0-0 Nf6 10. Nbd2 0-0 11. Re1 a6 12. Bxc6 bxc6 13. b4 Bg4 14. Qb3 Bxf3 15. Nxf3 Ne4 16. Ne5 f6 17. Nd3 Nd2 18. Qd1 Nc4 19. f4 Rfe8 20. Qh5 Re7 21. Re2 Rae8 22. Rae1 g6 23. Qg4 e5 24. f5 exd4 25. cxd4 Ne3 26. Qg3 Qxg3 27. hxg3 Nxf5 28. Rxe7 Rxe7 29. Rxe7 Nxe7 30. g4 f5 31. g5 Kf7 32. Kf2 Nc8 33. Ne5+ Ke6 34. Nxc6 Nd6 35. Ke3 Ne4 36. Nb8 Nxg5 37. Nxa6 Kd6 38. b5 Ne4 39. a4 g5 40. a5 f4+ 41. Kd3 g4 42. b6 Kc6 43. Nb4+ Kb7 44. Nxd5 Nd6 45. Nxf4 Ka6 46. Nd5 Kxa5 47. Ke3 Kb5 48. Kf4 h5 49. Nf6 Kxb6 50. Nxh5 Kc6 51. Kxg4 Kd5 52. Ng3 Nf7 53. Ne2 Ke4 54. Kh5 Ke3 55. g4 Kxe2 56. g5 Ke3 57. g6 Nd6 58. Kg5 Ne8 59. d5 Ke4 60. d6 Nxd6 61. g7 Nf7+ 62. Kh5 1-0

[Event "Aragon-chT Honor GrB"]
[Site "Aragon"]
[Date "2017.02.18"]
[Round "4.22"]
[White "Luis Vitalla, Fernando Maria"]
[Black "Palacios Latasa, Elias"]
[Result "1-0"]
[WhiteElo "2086"]
[BlackElo "2237"]
[PlyCount "66"]
[EventDate "2017.01.28"]
[EventType "team-tourn"]
[EventRounds "7"]
[EventCountry "ESP"]
[SourceTitle "EXT 2018"]
[Source "ChessBase"]
[SourceDate "2017.10.13"]
[SourceVersion "1"]
[SourceVersionDate "2017.10.13"]
[SourceQuality "1"]
[WhiteTeam "Huesca Club Atletismo"]
[BlackTeam "El Olivar"]
[WhiteTeamCountry "ESP"]
[BlackTeamCountry "ESP"]

1. c4 e5 2. Nc3 Nf6 3. Nf3 Nc6 4. g3 Bb4 5. Bg2 Bxc3 6. bxc3 0-0 7. 0-0 e4 8. Ng5 Re8 9. f3 exf3 10. Nxf3 d5 11. d4 h6 12. Qc2 dxc4 13. Bf4 Bg4 14. Rae1 Bh5 15. e4 Bg6 16. Nd2 Na5 17. Qa4 c5 18. e5 Nd7 19. Nxc4 Nxc4 20. Qxc4 cxd4 21. Bxb7 Rb8 22. Be4 Rc8 23. Qxd4 Bxe4 24. Rxe4 Qe7 25. e6 fxe6 26. Bd6 Qd8 27. Rg4 e5 28. Qd5+ Kh8 29. Rf7 Rg8 30. Qe6 Nf6 31. Rgxg7 Rxg7 32. Rxf6 Rh7 33. Bxe5 Rc5 1-0

[Event "Aragon-chT Honor GrB"]
[Site "Aragon"]
[Date "2017.02.04"]
[Round "2.26"]
[White "Guzman Moneo, Alberto"]
[Black "Palacios Latasa, Elias"]
[Result "1-0"]
[WhiteElo "2219"]
[BlackElo "2237"]
[PlyCount "129"]
[EventDate "2017.01.28"]
[EventType "team-tourn"]
[EventRounds "7"]
[EventCountry "ESP"]
[SourceTitle "EXT 2018"]
[Source "ChessBase"]
[SourceDate "2017.10.13"]
[SourceVersion "1"]
[SourceVersionDate "2017.10.13"]
[SourceQuality "1"]
[WhiteTeam "Helios"]
[BlackTeam "El Olivar"]
[WhiteTeamCountry "ESP"]
[BlackTeamCountry "ESP"]

1. e4 e5 2. Nf3 Nc6 3. Bc4 Nf6 4. d3 Bc5 5. c3 a6 6. 0-0 0-0 7. Re1 d6 8. h3 Be6 9. Nbd2 h6 10. Bb3 Bxb3 11. Qxb3 Nh5 12. Nc4 Rb8 13. Ne3 Nf4 14. Qd1 Bxe3 15. fxe3 Ng6 16. d4 Nh4 17. Rf1 Nxf3+ 18. Qxf3 Qh4 19. Bd2 Rbe8 20. Rae1 Nb8 21. c4 Nd7 22. Bc3 b6 23. Qf5 Re6 24. Kh2 Rg6 25. Rf3 Nf6 26. dxe5 dxe5 27. g3 Qxe4 28. Qxe4 Nxe4 29. Bxe5 Rd8 30. Re2 Rc6 31. b3 b5 32. Rf4 Ng5 33. cxb5 axb5 34. a4 bxa4 35. bxa4 Rd1 36. h4 Ne6 37. Rb4 h5 38. g4 Nc5 39. Rc4 Ra6 40. Rxc5 Rxa4 41. Bd4 hxg4 42. Rg2 Rd3 43. Rxg4 Rxe3 44. Rxg7+ Kf8 45. Bxe3 Kxg7 46. Bf2 Kg6 47. Rxc7 f5 48. Rc5 Ra3 49. Bg3 Rb3 50. Rc8 Ra3 51. Rg8+ Kf7 52. Rg5 Kf6 53. Kg2 Rb3 54. Bf2 Rd3 55. Rg3 Rd8 56. Kf3 Ke5 57. Rg5 Rd3+ 58. Be3 Ra3 59. h5 Kf6 60. Rg1 Ke5 61. Rb1 Ra6 62. Rb5+ Kf6 63. Rb4 Ke5 64. h6 Ra2 65. h7 1-0

[Event "Aragon-chT Honor GrB"]
[Site "Aragon"]
[Date "2014.03.01"]
[Round "6.19"]
[White "Palacios Latasa, Elias"]
[Black "Naya Sancho, Jose Ignacio"]
[Result "0-1"]
[WhiteElo "2232"]
[BlackElo "2102"]
[PlyCount "86"]
[EventDate "2014.01.25"]
[EventType "team-tourn"]
[EventRounds "7"]
[EventCountry "ESP"]
[SourceTitle "EXT 2015"]
[Source "ChessBase"]
[SourceDate "2014.11.20"]
[SourceVersion "1"]
[SourceVersionDate "2014.11.20"]
[SourceQuality "1"]
[WhiteTeam "El Olivar"]
[BlackTeam "Delicias"]
[WhiteTeamCountry "ESP"]
[BlackTeamCountry "ESP"]

1. e4 e5 2. Bc4 Nc6 3. Nc3 Nf6 4. d3 Na5 5. Bg5 c6 6. Qf3 Bb4 7. Nge2 Nxc4 8. dxc4 d6 9. 0-0 h6 10. Bxf6 Qxf6 11. Qd3 g5 12. Rad1 Bg4 13. f3 Be6 14. a3 Ba5 15. Na4 Rd8 16. b4 Bc7 17. Qc3 Rg8 18. g4 h5 19. Ng3 h4 20. Nf5 Bxf5 21. exf5 Kf8 22. Rfe1 Kg7 23. Qb3 d5 24. cxd5 Qd6 25. c4 b5 26. Nc3 bxc4 27. Qb2 Bb6+ 28. Kh1 Bd4 29. Rxd4 exd4 30. Ne4 Qxd5 31. Qd2 f6 32. Nxg5 Rge8 33. Re6 c3 34. Qf4 d3 35. Rxe8 Rxe8 36. Qc7+ Kh6 37. Nf7+ Kg7 38. Ng5+ Kg8 39. Qh7+ Kf8 40. Qh6+ Ke7 41. Qg7+ Kd8 42. Qxf6+ Kc8 43. Ne4 d2 0-1

[Event "Aragon-chT Honor GrB"]
[Site "Aragon"]
[Date "2014.01.25"]
[Round "1.18"]
[White "Palacios Latasa, Elias"]
[Black "Mimbela Lopez, Miguel Angel"]
[Result "1-0"]
[WhiteElo "2232"]
[BlackElo "2173"]
[PlyCount "86"]
[EventDate "2014.01.25"]
[EventType "team-tourn"]
[EventRounds "7"]
[EventCountry "ESP"]
[SourceTitle "EXT 2015"]
[Source "ChessBase"]
[SourceDate "2014.11.20"]
[SourceVersion "1"]
[SourceVersionDate "2014.11.20"]
[SourceQuality "1"]
[WhiteTeam "El Olivar"]
[BlackTeam "Agrupacion"]
[WhiteTeamCountry "ESP"]
[BlackTeamCountry "ESP"]

1. e4 e5 2. Nf3 Nc6 3. Bc4 Bc5 4. d3 d6 5. Nc3 Nf6 6. Bg5 h6 7. Bxf6 Qxf6 8. Nd5 Qd8 9. c3 Ne7 10. Ne3 c6 11. d4 exd4 12. Nxd4 b5 13. Bb3 a5 14. 0-0 0-0 15. Qf3 Bxd4 16. cxd4 a4 17. Bc2 Qb6 18. Rfd1 c5 19. dxc5 dxc5 20. e5 Bb7 21. Qg3 Rad8 22. Rd6 Rxd6 23. exd6 Ng6 24. h4 Qd8 25. Nf5 Qf6 26. Re1 Bc8 27. Ne7+ Nxe7 28. dxe7 Re8 29. Qc7 Be6 30. Qxc5 Qxe7 31. Qxb5 Rc8 32. Qxa4 Qb7 33. Bb3 Bd7 34. Qf4 Bc6 35. f3 Bd5 36. Bxd5 Qxd5 37. a4 Rc4 38. Re4 Rc2 39. Rd4 Qe6 40. Qe4 Qxe4 41. Rxe4 Rxb2 42. Kh2 Kh7 43. Kg3 Kg6 1-0

[Event "Aragon-chT Honor GrA"]
[Site "Aragon"]
[Date "2013.02.16"]
[Round "4.7"]
[White "Mimbela Lopez, Miguel Angel"]
[Black "Palacios Latasa, Elias"]
[Result "0-1"]
[WhiteElo "2187"]
[BlackElo "2221"]
[PlyCount "68"]
[EventDate "2013.01.26"]
[EventType "team"]
[EventRounds "7"]
[EventCountry "ESP"]
[SourceTitle "EXT 2014"]
[Source "ChessBase"]
[SourceDate "2013.11.20"]
[SourceVersion "1"]
[SourceVersionDate "2013.11.20"]
[SourceQuality "1"]
[WhiteTeam "Agrupacion"]
[BlackTeam "El Olivar"]
[WhiteTeamCountry "ESP"]
[BlackTeamCountry "ESP"]

1. d4 d5 2. c4 e5 3. dxe5 d4 4. a3 Nc6 5. e3 Nge7 6. Nf3 Nf5 7. exd4 Nfxd4 8. Bd3 Nxf3+ 9. Qxf3 Nxe5 10. Qe4 Qxd3 11. Qxe5+ Be6 12. Qb5+ c6 13. Qxb7 Rc8 14. Be3 Bd6 15. Nd2 0-0 16. Qb3 Qg6 17. Qc3 Rfe8 18. 0-0-0 Bf5 19. Nf3 Bg4 20. c5 Bc7 21. h3 Bxf3 22. gxf3 Be5 23. Qc2 Qf6 24. Rd3 Rb8 25. b3 Qxf3 26. Rhd1 Qxh3 27. Bd4 Qe6 28. Bb2 Qf6 29. Kb1 h5 30. Ka2 Bxb2 31. Rd6 Qe5 32. Qxb2 Qxc5 33. Rg1 Qe5 34. Rxc6 Qxb2+ 0-1

[Event "Aragon-chT Honor Titulo"]
[Site "Aragon"]
[Date "2012.04.15"]
[Round "11.12"]
[White "Ferrer Serrano, Roberto"]
[Black "Palacios Latasa, Elias"]
[Result "1/2-1/2"]
[WhiteElo "2138"]
[BlackElo "2211"]
[PlyCount "21"]
[EventDate "2012.02.04"]
[EventType "team-tourn"]
[EventRounds "11"]
[EventCountry "ESP"]
[SourceTitle "EXT 2014"]
[Source "ChessBase"]
[SourceDate "2013.11.20"]
[SourceVersion "1"]
[SourceVersionDate "2013.11.20"]
[SourceQuality "1"]
[WhiteTeam "Actur Rey Fernando"]
[BlackTeam "Olivar"]
[WhiteTeamCountry "ESP"]
[BlackTeamCountry "ESP"]

1. d4 Nf6 2. c4 g6 3. Nf3 Bg7 4. g3 0-0 5. Bg2 d5 6. cxd5 Nxd5 7. 0-0 Nb6 8. a4 a5 9. e4 Bg4 10. d5 Qd7 11. Qb3 1/2-1/2

[Event "Aragon-chT Honor GrA "]
[Site "Aragon"]
[Date "2012.03.10"]
[Round "6.12"]
[White "Campo Millan, Diego"]
[Black "Palacios Latasa, Elias"]
[Result "1/2-1/2"]
[WhiteElo "2091"]
[BlackElo "2211"]
[PlyCount "53"]
[EventDate "2012.02.04"]
[EventType "team-tourn"]
[EventRounds "7"]
[EventCountry "ESP"]
[SourceTitle "EXT 2014"]
[Source "ChessBase"]
[SourceDate "2013.11.20"]
[SourceVersion "1"]
[SourceVersionDate "2013.11.20"]
[SourceQuality "1"]
[WhiteTeam "Delicias CCOO"]
[BlackTeam "Olivar"]
[WhiteTeamCountry "ESP"]
[BlackTeamCountry "ESP"]

1. e4 c5 2. Nc3 Nc6 3. g3 g6 4. Bg2 Bg7 5. f4 d6 6. Nf3 e6 7. d3 Nge7 8. 0-0 0-0 9. Be3 Nd4 10. e5 Nef5 11. Bf2 Nxf3+ 12. Bxf3 Nd4 13. Bg2 dxe5 14. fxe5 Bxe5 15. Ne4 Nf5 16. c3 c4 17. dxc4 Qc7 18. Qe2 Bd7 19. Nc5 Bc6 20. Bxc6 bxc6 21. Na6 Qa5 22. b4 Qxa6 23. Qxe5 Qxc4 24. Qf6 e5 25. Bc5 Rfe8 26. Rxf5 gxf5 27. Qg5+ 1/2-1/2

[Event "Aragon-chT Honor Titulo"]
[Site "Spain"]
[Date "2011.04.10"]
[Round "11.4"]
[White "Jimenez Fernandez, Alejandro"]
[Black "Palacios Latasa, Elias"]
[Result "0-1"]
[WhiteElo "1966"]
[BlackElo "2198"]
[PlyCount "84"]
[EventDate "2011.03.26"]
[EventType "team-tourn"]
[EventRounds "11"]
[EventCountry "ESP"]
[SourceTitle "EXT 2013"]
[Source "ChessBase"]
[SourceDate "2012.11.22"]
[SourceVersion "1"]
[SourceVersionDate "2012.11.22"]
[SourceQuality "1"]
[WhiteTeam "IberCaja II"]
[BlackTeam "Olivar"]
[WhiteTeamCountry "ESP"]
[BlackTeamCountry "ESP"]

1. d4 Nf6 2. c4 g6 3. Nc3 d5 4. Nf3 Bg7 5. Bg5 Ne4 6. cxd5 Nxc3 7. bxc3 Qxd5 8. Qb3 Be6 9. Qxd5 Bxd5 10. e3 c5 11. Rb1 cxd4 12. cxd4 h6 13. Bh4 Nd7 14. Bb5 a6 15. Ba4 b5 16. Bb3 Nb6 17. Bxd5 Nxd5 18. Kd2 Nb6 19. Rhc1 Kd7 20. Bg3 Rhc8 21. Be5 Bf8 22. h4 f6 23. Bh2 e6 24. g4 Nc4+ 25. Ke2 Na3 26. Rxc8 Rxc8 27. Rb2 Rc2+ 28. Rxc2 Nxc2 29. g5 hxg5 30. hxg5 Be7 31. gxf6 Bxf6 32. Ne1 Nxe1 33. Kxe1 Kc6 34. Kd2 b4 35. Kd3 Kb5 36. Bd6 a5 37. Bc7 a4 38. Bd6 Bh4 39. f3 Be1 40. e4 Bc3 41. e5 a3 42. Bf8 b3 0-1

[Event "Aragon-chT Honor I"]
[Site "Spain"]
[Date "2011.03.19"]
[Round "7.4"]
[White "Ramiro Ovejero, Juan Luis"]
[Black "Palacios Latasa, Elias"]
[Result "1-0"]
[WhiteElo "2365"]
[BlackElo "2198"]
[PlyCount "113"]
[EventDate "2011.02.05"]
[EventType "team-tourn"]
[EventRounds "7"]
[EventCountry "ESP"]
[SourceTitle "EXT 2013"]
[Source "ChessBase"]
[SourceDate "2012.11.22"]
[SourceVersion "1"]
[SourceVersionDate "2012.11.22"]
[SourceQuality "1"]
[WhiteTeam "Jaime Casas"]
[BlackTeam "Olivar"]
[WhiteTeamCountry "ESP"]
[BlackTeamCountry "ESP"]

1. d4 d5 2. Nf3 Nf6 3. c4 c6 4. Nc3 dxc4 5. a4 Bf5 6. e3 e6 7. Bxc4 Bb4 8. 0-0 Nbd7 9. Bd3 Bg4 10. h3 Bxf3 11. Qxf3 e5 12. d5 0-0 13. dxc6 bxc6 14. Rd1 Qc7 15. Bd2 Rfe8 16. Ne4 Bxd2 17. Rxd2 Nxe4 18. Bxe4 Nf6 19. Rc1 Nxe4 20. Qxe4 Rac8 21. Rdc2 Re6 22. b4 Qd7 23. b5 c5 24. Rxc5 Rxc5 25. Rxc5 Qd1+ 26. Kh2 g6 27. Rxe5 Rxe5 28. Qxe5 Qxa4 29. Qd5 h5 30. Kg3 Qa3 31. Kf4 Kg7 32. Qd4+ Kf8 33. Ke5 Ke7 34. Kd5 Kd7 35. Kc4+ Ke8 36. e4 Qa5 37. Qe5+ Kf8 38. Qc5+ Kg7 39. Kd5 Qd8+ 40. Qd6 Qa5 41. Qc5 Qd8+ 42. Kc4 Qa5 43. e5 Qa2+ 44. Kd3 Qb1+ 45. Kd4 Qa2 46. Ke4 Kg8 47. g4 hxg4 48. hxg4 Kg7 49. e6 fxe6 50. Ke5 Qe2+ 51. Kd6 Qxg4 52. Qxa7+ Kh6 53. Qe3+ Kh5 54. b6 g5 55. Qxe6 Qf4+ 56. Ke7 Qxf2 57. Qf7+ 1-0